000 00622nam a22001337a 4500
008 110628t xxu||||| |||| 00| 0 eng d
010 _aHCCAF114
245 _aHigh Court Civil Appeal No. 4 OF 1985 Ledel (EAST AFRICA) LTD Vs E.F. Lutwama
260 _c1985
500 _aCoram: Manyindo, V-P., Lubogo, Ag. J.A. and Odoki, J.A.
500 _aAppeal from an order of Ouma, J dated 11.3.85 in Civil Case No. 841 of 1981
999 _c4223
_d4223